000
00205nam a2200097Ia 4500
008
240331s9999 xx 000 0 und d
082
_b
SEL
100
_a
Selladurai, A
245
0
_a
Nanthi udaiyar
942
_c
L
999
_c
4188
_d
4188